| 000 | 04413cim a22009497a 4500 | ||
|---|---|---|---|
| 999 | _c58518 | ||
| 001 | 15122399 | ||
| 003 | LIBRIS | ||
| 005 | 20210915132843.0 | ||
| 007 | sd |||||||m||| | ||
| 008 | 140129s2014 sw | ||||||||||f | swe|c | ||
| 020 |
_a9789113049977 _qMP3 CD |
||
| 035 | _a(BOKR)9789113049977 | ||
| 040 |
_aBOKR _dTkb _ea |
||
| 041 | _aswe | ||
| 082 | 0 | 4 |
_a839.73 _222 (machine generated) |
| 084 |
_aHc.01/LC _2kssb/8 |
||
| 100 | 1 |
_aGerhardsen, Carin, _d1962- _0https://libris.kb.se/jgvz3dl2096m7jc#it |
|
| 245 | 1 | 0 |
_aTjockare än vatten _h[Ljudupptagning] / _cCarin Gerhardsen. |
| 264 | 1 |
_aStockholm : _bNorstedts, _c2014 |
|
| 300 |
_a1 MP3-CD (ca 13 tim., 30 min.) _bstereo |
||
| 490 | 0 |
_aHammarbyserien ; _v7 |
|
| 500 | _aLjudbok CD (mp3) | ||
| 511 | 0 | _aInläsare: Stefan Sauk | |
| 655 | 7 |
_aLjudböcker _0https://id.kb.se/term/saogf/Ljudb%C3%B6cker _2saogf |
|
| 655 | 4 | _aDeckare, thrillers och spänning | |
| 700 | 1 |
_aSauk, Stefan _4nrt |
|
| 887 |
_a{"@id":"m5z491lz2pwgjfs","modified":"2016-04-02T08:54:21+02:00","checksum":"64609023095"} _2librisxl |
||
| 887 |
_a{"@id":"fkspgtgl48nj1rc","modified":"2016-01-25T12:20:01+01:00","checksum":"37805923565"} _2librisxl |
||
| 887 |
_a{"@id":"chpbh97j0ls6lrv","modified":"2014-07-09T12:39:27+02:00","checksum":"32545678558"} _2librisxl |
||
| 887 |
_a{"@id":"chpcxzqj38wmghf","modified":"2014-05-23T09:50:18+02:00","checksum":"43196707914"} _2librisxl |
||
| 887 |
_a{"@id":"djqdvvwk32w83r5","modified":"2014-05-12T15:46:32+02:00","checksum":"40440937889"} _2librisxl |
||
| 887 |
_a{"@id":"djqd7cpk090z4z8","modified":"2014-06-17T13:14:46+02:00","checksum":"35137390703"} _2librisxl |
||
| 887 |
_a{"@id":"tz5sgnj015mk8rj","modified":"2014-06-05T18:22:00+02:00","checksum":"38799236737"} _2librisxl |
||
| 887 |
_a{"@id":"48h9vdm901572wk","modified":"2015-10-19T20:22:19+02:00","checksum":"37079037175"} _2librisxl |
||
| 887 |
_a{"@id":"z39wtg74496886h","modified":"2014-06-25T18:56:15+02:00","checksum":"37757751867"} _2librisxl |
||
| 887 |
_a{"@id":"8dl8rb2f3kbbgrw","modified":"2014-05-23T08:13:12+02:00","checksum":"38359776333"} _2librisxl |
||
| 887 |
_a{"@id":"sx5dc1wz1kl23mh","modified":"2017-04-27T08:11:38+02:00","checksum":"33032452020"} _2librisxl |
||
| 887 |
_a{"@id":"26d687h75hff5d7","modified":"2015-02-09T14:58:47+01:00","checksum":"28200749381"} _2librisxl |
||
| 887 |
_a{"@id":"glsgx9hm3g47sjf","modified":"2014-06-04T18:19:25+02:00","checksum":"36540447273"} _2librisxl |
||
| 887 |
_a{"@id":"8dl819zf00f61gb","modified":"2014-06-25T14:42:25+02:00","checksum":"43227550868"} _2librisxl |
||
| 887 |
_a{"@id":"sx4s8lsz49kxmvw","modified":"2014-06-04T18:20:04+02:00","checksum":"37300438234"} _2librisxl |
||
| 900 | 1 | s |
_6100 _d1962- _uGerhardsen, Carin, _d1962- |
| 900 | 1 | s |
_6100 _d1962- _uGerhardsen, Carin, _d1962- |
| 900 | 1 | s |
_6100 _d1962- _uGerhardsen, Carin, _d1962- |
| 900 | 1 | s |
_6100 _d1962- _uGerhardsen, Carin, _d1962- |
| 942 |
_2z _cAUDIOBOOK |
||